Eastern Utah Libraries Catalog: Duchesne, Heber, Roosevelt, & Vernal

Happy narwhalidays / (Record no. 356977)

MARC details
000 -LEADER
fixed length control field 02184nam a2200385 i 4500
001 - CONTROL NUMBER
control field BK0026319142
005 - DATE AND TIME OF LATEST TRANSACTION
control field 20260108172053.0
008 - FIXED-LENGTH DATA ELEMENTS--GENERAL INFORMATION
fixed length control field 200904s2020 onca j 6 000 0 eng d
010 ## - LIBRARY OF CONGRESS CONTROL NUMBER
LC control number bl2020033781
020 ## - INTERNATIONAL STANDARD BOOK NUMBER
International Standard Book Number 9780735262515 : HRD
Terms of availability 12.99
020 ## - INTERNATIONAL STANDARD BOOK NUMBER
International Standard Book Number 0735262519 : HRD
Terms of availability 12.99
037 ## - SOURCE OF ACQUISITION
Source of stock number/acquisition McClelland & Stewart Ltd, C/O Penguin Random House Order Dept 404 Hahn rd, Westminster, MD, USA, 21157
Note SAN 201-3975
040 ## - CATALOGING SOURCE
Original cataloging agency NjBwBT
Language of cataloging eng
Transcribing agency NjBwBT
Description conventions rda
050 14 - LIBRARY OF CONGRESS CALL NUMBER
Classification number PZ7.7.C56
Item number Hap 2020
082 04 - DEWEY DECIMAL CLASSIFICATION NUMBER
Classification number 741.5/973
Edition number 23
092 ## - LOCALLY ASSIGNED DEWEY CALL NUMBER (OCLC)
Classification number 741.5973
100 1# - MAIN ENTRY--PERSONAL NAME
Personal name Clanton, Ben,
Dates associated with a name 1988-
Relator term author,
-- artist.
9 (RLIN) 5791651
245 10 - TITLE STATEMENT
Title Happy narwhalidays /
Remainder of title Happy Narwhalidays
Statement of responsibility, etc Ben Clanton.
264 #1 - Production, Publication, Distribution, Manufacture, and Copyright Notice.
Place of production, publication, distribution, manufacture [Toronto, Ontario] :
Name of producer, publisher, distributor, manufacturer Tundra Books,
Date of production, publication, distribution, manufacture, or copyr [2020]
300 ## - PHYSICAL DESCRIPTION
Extent 68 pages :
Other physical details color illustrations ;
Dimensions 22 cm.
336 ## - Content Type
Content type term text
336 ## - Content Type
Content type term still image
337 ## - Media type
Media type term unmediated
338 ## - Carrier type
Carrier type term volume
490 1# - SERIES STATEMENT
Series statement Narwhal and Jelly ;
Volume number/sequential designation 5
500 ## - GENERAL NOTE
General note Chiefly illustrations.
520 ## - SUMMARY, ETC.
Summary, etc "Dive into three new stories about Narwhal's favorite time of the year! It's the festive season in the world wide waters, and Narwhal is looking forward to cozying up with a good book, singing and partying with his pod pals and enjoying some warm waffle pudding. But most of all he's excited about the arrival of the Merry Mermicorn! According to Narwhal, she's part mermaid, part unicorn and completely mer-aculous! Jelly is of course skeptical about the existence of the "Mira-Miny-What-A Corn" . . . even when he receives a mysterious present. It must be from Narwhal. Now Jelly has to get the perfect gift, but finding a present for someone as unique as Narwhal is no easy feat, even when you have six tentacles. How will Jelly ever come up with a whaley greatgift for a best pal who spreads cheer all through the year?"--
650 #1 - SUBJECT ADDED ENTRY--TOPICAL TERM
Topical term or geographic name as entry element Narwhal
Form subdivision Fiction.
9 (RLIN) 5722094
650 #1 - SUBJECT ADDED ENTRY--TOPICAL TERM
Topical term or geographic name as entry element Jellyfishes
Form subdivision Fiction.
9 (RLIN) 5689960
650 #1 - SUBJECT ADDED ENTRY--TOPICAL TERM
Topical term or geographic name as entry element Marine animals
Form subdivision Fiction.
9 (RLIN) 5679221
650 #1 - SUBJECT ADDED ENTRY--TOPICAL TERM
Topical term or geographic name as entry element Graphic novels.
9 (RLIN) 6394420
655 #0 - INDEX TERM--GENRE/FORM
Genre/form data or focus term Graphic novels.
9 (RLIN) 6394419
800 1# - SERIES ADDED ENTRY--PERSONAL NAME
Personal name Clanton, Ben,
Dates associated with a name 1988-
Title of a work Narwhal and Jelly book ;
Volume/sequential designation 5.
9 (RLIN) 6364619
942 ## - ADDED ENTRY ELEMENTS (KOHA)
Source of classification or shelving scheme Dewey Decimal Classification
Koha item type BOOK
Holdings
Withdrawn status Lost status Source of classification or shelving scheme Damaged status Not for loan Collection code Home library Current library Shelving location Date acquired Source of acquisition Serial Enumeration / chronology Total Checkouts Total Renewals Full call number Barcode Checked out Date last seen Date checked out Cost, replacement price Price effective from Koha item type
    Dewey Decimal Classification     Junior Graphic Novels Wasatch County Library Wasatch County Library First Floor 11/19/2021 Micromarketing #5 Narwhal and Jelly 46 35 J GN Clanton 34301001832585 04/26/2026 02/25/2026 02/25/2026 12.99 11/19/2021 BOOK
This project was made possible through a grant from the Institute of Museum and Library Service administered by the Utah State Library Division.

Wasatch County Library

  • 465 East 1200 South, Heber City, Utah 84032
  • Phone 435-654-1511 | Fax 435-654-6456

Hours

  • Monday - Friday 9:30 AM - 8:00 PM
  • Saturday 9:30 AM - 1:30 PM
  • Closed Sundays and Holidays